[Event "15th Kesan Open 2017"]
[Site "Kesan"]
[Date "2017.08.17"]
[Round "7.6"]
[White "Rzayev, Askar Aliakbar"]
[Black "Savchenko, Boris"]
[Result "0-1"]
[WhiteElo "2072"]
[BlackElo "2602"]
[Annotator "TA"]
[PlyCount "66"]
[EventCountry "TUR"]
[SourceTitle "playchess.com"]
[Source "ChessBase"]
[SourceQuality "1"]

{[%evp 21,66,-18,-20,-26,-24,-22,-18,-18,-18,-18,-18,-62,-68,-60,-70,-69,-66,-112,-116,-116,-111,-141,-141,-150,-147,-226,-208,-264,-261,-270,-261,-263,-245,-255,-202,-198,-187,-186,-179,-175,-155,-203,-206,-266,-270,-312,-327]} 1. b3 d5 2. Bb2 Bf5 3. Nf3 Nf6 4. e3 h6 5. Be2 e6 6. O-O c6 7. c4 Bd6 {A12: English Opening: 1...c6 with b3 by White} 8. d3 (8. d4 O-O 9. Nbd2 Nbd7 10. a3 Ne4 11. b4 Qe7 12. Nb3 dxc4 13. Bxc4 Nb6 14. Bd3 Na4 15. Qc2 Ng5 16. Nxg5 Bxd3 17. Qxd3 hxg5 18. Bc1 e5 19. Qc2 Nb6 20. dxe5 Bxe5 21. Bb2 Bxb2 22. Qxb2 Rad8 {½-½ (22) Granda Zuniga,J (2640)-Postny,E (2648) Nancy 2010}) 8... O-O 9. Nbd2 Nbd7 10. cxd5 exd5 11. Re1 Re8 {LiveBook: 5 Games} 12. Bf1 $146 ({Predecessor:} 12. a3 Bh7 13. b4 a5 {1-0 (29) Jablonicky,M (2193)-Podoba,M (2100) Slovakia 2016}) 12... Bh7 13. Qc2 Qe7 14. a3 a5 15. Qc3 Nc5 16. e4 dxe4 17. dxe4 Ncxe4 18. Nxe4 Bxe4 19. Bd3 Qf8 20. Bxe4 Rxe4 21. Rxe4 Nxe4 22. Qc4 Re8 23. Qa4 (23. a4 $17 {is a better defense.}) 23... Bc5 $19 24. Rf1 Qd6 {[#] White must now prevent ...b5.} 25. Bd4 Bxd4 26. Qxd4 Qxd4 27. Nxd4 {[%mdl 4096] Endgame KRN-KRN} Rd8 28. Nf3 Nd2 29. Nxd2 Rxd2 30. Rb1 Kf8 31. g3 Ke7 32. Re1+ Kd6 33. Re3 b5 {Precision: White = 60%, Black = 86%.} 0-1

[Event "15th Kesan Open 2017"]
[Site "Kesan"]
[Date "2017.08.17"]
[Round "7.7"]
[White "Guseynov, Alihan"]
[Black "Ozgur, Isa"]
[Result "1-0"]
[WhiteElo "2399"]
[BlackElo "1930"]
[Annotator "TA"]
[PlyCount "73"]
[EventCountry "TUR"]
[SourceTitle "playchess.com"]
[Source "ChessBase"]
[SourceQuality "1"]

{[%evp 18,73,36,37,25,33,31,11,45,57,63,56,106,83,87,95,118,96,111,93,92,83,85,102,102,73,133,127,130,129,201,208,220,224,324,320,317,317,334,330,309,313,346,338,327,331,345,294,531,489,506,499,623,625,698,697,695,684]} 1. c4 c5 2. Nf3 Nc6 3. Nc3 Nf6 4. d4 cxd4 5. Nxd4 g6 6. g3 Bg7 7. Bg2 O-O 8. O-O Qa5 9. Nc2 Qh5 {A38: Symmetrical English vs ...g6: 4 Bg2 Bg7 5 Nf3 Nf6} (9... d6 10. Bd2 Qh5 11. e4 Ng4 12. h3 Nge5 13. Qxh5 gxh5 14. Ne3 Bxh3 15. f4 Bxg2 16. Kxg2 Ng4 17. Nf5 Bxc3 18. Bxc3 e6 19. Nxd6 {½-½ (43) Harikrishna,P (2740)-Cheparinov,I (2690) Kocaeli 2015}) 10. e4 {LiveBook: 7 Games} d6 11. Qxh5 Nxh5 {White is slightly better.} 12. Nd5 Bd7 $146 ({Predecessor:} 12... Be6 13. Bg5 Nf6 14. Bxf6 exf6 15. Nce3 Rac8 16. Rad1 Rfe8 17. b3 {0-1 (57) Anwuli,D (2331)-Steel,H (2407) Cape Town 2016}) 13. Bg5 f6 14. Bd2 Rfc8 15. Bc3 Kf7 16. Rad1 Rab8 17. f4 f5 18. exf5 Bxf5 {[#] White must now prevent ...Bxc3.} 19. Nce3 {Threatens to win with g4.} Bxc3 20. Nxc3 {Strongly threatening g4.} Nf6 21. Rfe1 Nb4 (21... Be6 $142) 22. Nxf5 $16 gxf5 23. a3 $36 {[%mdl 2048] White has strong initiative.} Na6 (23... Nc6 $16 {was called for.} 24. Nd5 Ne8) 24. Nd5 $18 Ng8 25. Ne3 b5 (25... Nh6 $142 26. Bh3 e6 27. Rxd6 Rd8) 26. cxb5 Rxb5 27. Bf1 Rb6 28. Nd5 ({Resist} 28. Nxf5 Rc5 $18) 28... Rbc6 29. Bb5 e6 30. Bxc6 Rxc6 31. Nc3 Nf6 32. Nb5 d5 $2 (32... Ne4 33. Nd4 Rc7) 33. Rc1 {White is clearly winning.} Rb6 34. Nd4 Rxb2 35. Rxe6 Nb8 36. Rc7+ Nbd7 {[#]} 37. Rxf6+ $1 {[%mdl 512] Precision: White = 76%, Black = 42%.} 1-0

[Event "15th Kesan Open 2017"]
[Site "Kesan"]
[Date "2017.08.17"]
[Round "7.8"]
[White "Rahmanov, Shahriyar"]
[Black "Seyhanoglu, Deniz"]
[Result "0-1"]
[WhiteElo "2327"]
[BlackElo "2060"]
[Annotator "TA"]
[PlyCount "96"]
[EventCountry "TUR"]
[SourceTitle "playchess.com"]
[Source "ChessBase"]
[SourceQuality "1"]

{[%evp 26,96,83,84,82,85,88,76,126,93,82,92,141,94,103,93,162,130,127,83,83,45,52,51,103,72,503,64,81,55,54,52,68,-2,45,45,45,-2,-2,-2,-2,-2,2,-68,-72,-73,-77,-337,-340,-338,-335,-331,-319,-280,-331,-312,-302,-562,-562,-560,-544,-557,-543,-562,-562,-543,-527,-1010,-1007,-1023,-947,-12841,-12840]} 1. d4 d5 2. c4 e6 3. Nc3 c5 4. cxd5 exd5 5. Nf3 Nc6 6. g3 Nf6 7. Bg2 Be7 8. O-O O-O 9. Bg5 c4 10. Ne5 Be6 11. b3 Qa5 12. Nxc6 bxc6 13. Qd2 {D34: Tarrasch Defence: 6 g3 Nf6 7 Bg2 Be7} Rfd8 (13... Bb4 14. Bxf6 gxf6 15. Rfc1 Rad8 16. bxc4 dxc4 17. e3 c5 18. d5 Bxc3 19. Rxc3 Bxd5 20. Bxd5 Rxd5 {1-0 (104) Mamedyarov,S (2747)-Akobian,V (2617) Caleta 2012}) 14. bxc4 {LiveBook: 3 Games} dxc4 15. Bxc6 {White is better.} Rac8 16. Bg2 Rd7 $146 ({Predecessor:} 16... h6 17. Bxf6 Bxf6 18. e3 Bf5 19. Rfc1 Be7 20. e4 Bg6 21. Rd1 Bb4 22. Rac1 f5 {½-½ (22) Lupor,A (2283)-Baeuml,U (2120) Bad Woerishofen 2015}) 17. Bxf6 Bxf6 18. e3 h5 19. h3 Bf5 20. Rfc1 Qa3 (20... h4 $16 {was necessary.}) 21. Nd5 Bd8 22. Qc3 Qa4 23. Qb4 (23. h4 {is interesting.} Rd6 24. a3 Qd7 25. Nf4 Rb6 26. Nxh5 Rb3 27. Qe1) 23... Qxb4 24. Nxb4 Rd6 (24... c3 $14) 25. Nd5 Ba5 $2 {[%mdl 8192]} (25... g5 $16 {is more resistant.}) 26. Nc3 $2 (26. Ne7+ $18 Kf8 27. Nxc8 Bxc8 28. Rxc4) 26... Kf8 27. Bf1 Rb6 28. Na4 Rbc6 29. Nc5 (29. Bg2 $1 $14) 29... Rxc5 30. dxc5 c3 {[%cal Bc4c3,Bc3c2][%mdl 32]} 31. Bg2 Rxc5 32. e4 Bd7 {[#] Threatens to win with ...Ba4.} 33. a4 $1 Be6 {Hoping for ...c2.} 34. Bf1 (34. Rab1 $11) 34... c2 $15 35. Bd3 Bb3 $36 {[%mdl 2048] White must now prevent ...Bc3. Keeping White busy.} 36. Kf1 $2 {[%mdl 8192]} (36. Bxc2 $17 Rxc2 37. Rxc2 Bxc2 38. Rc1) 36... Bd2 $19 37. Ke2 Bxc1 38. Rxc1 Bxa4 {[%mdl 4096] Endgame KRB-KRB} 39. Kd2 {[%cal Rd3c2]} a5 {[%cal Ba7a5,Ba5a4][%mdl 32]} 40. f4 {[%cal Rd3c2]} Ke7 41. g4 $2 {[#]} (41. e5 {might work better.} Ke6 42. Ra1) 41... hxg4 $1 {Black is clearly winning.} 42. hxg4 Bb3 43. g5 Ke6 44. Rh1 a4 45. Ra1 {Now Rc1 and White clings on.} Kd6 46. g6 fxg6 47. e5+ Ke6 48. Bxg6 Rd5+ {Precision: White = 20%, Black = 51%.} 0-1

[Event "15th Kesan Open 2017"]
[Site "Kesan"]
[Date "2017.08.17"]
[Round "7.9"]
[White "Dimitrov, Atanas"]
[Black "Yalcin, Ozgun"]
[Result "1-0"]
[WhiteElo "2317"]
[BlackElo "1871"]
[Annotator "TA"]
[PlyCount "65"]
[EventCountry "TUR"]
[SourceTitle "playchess.com"]
[Source "ChessBase"]
[SourceQuality "1"]

{[%evp 12,65,52,30,62,45,69,47,73,49,56,47,68,49,45,3,5,17,76,67,81,56,56,63,105,53,39,42,34,40,39,54,105,116,87,62,182,170,214,214,234,228,241,222,231,207,666,683,908,681,1247,1237,1583,1341,1847,1865]} 1. d4 g6 2. e4 Bg7 3. Nc3 d6 4. Be3 a6 5. Qd2 Nd7 6. O-O-O b5 7. h4 {LiveBook: 37 Games. B06: Modern Defence} h6 8. Kb1 (8. h5 $5 {[%cal Rh5g6]}) (8. f4 h5 9. Nf3 Nb6 10. Ng5 d5 11. Bd3 Nh6 12. e5 Bg4 13. e6 f5 14. Rde1 Qd6 {0-1 (50) Almasi,Z (2695)-Rapport,R (2720) Germany 2015}) 8... Bb7 9. f3 {White is slightly better.} Nb6 10. a3 Nf6 11. Nh3 Nfd7 $146 ({Predecessor:} 11... Nfd5 12. Nf2 c5 13. dxc5 dxc5 14. Nxd5 Bxd5 15. exd5 {0-1 (23) Heinatz,T (2321)-Malykin,V (2368) Germany 2012}) 12. Nf4 (12. h5 $5) 12... Rc8 13. Be2 c5 14. dxc5 Nxc5 (14... dxc5 $11 15. Nfd5 Nxd5 16. exd5 (16. Nxd5 e6 $14) 16... Nf6) 15. Nfd5 $16 Nxd5 16. Nxd5 Bxd5 17. exd5 Nd7 18. Bd4 (18. g4 $16) 18... Bxd4 $14 19. Qxd4 Nf6 20. c4 bxc4 21. Bxc4 Qa5 {[#]} (21... O-O $14) 22. Rhe1 $1 $36 {[%mdl 2048] And now Qxf6 would win. White is on the roll.} Kf8 23. Rc1 Qc5 (23... Rb8 $14) 24. Qxc5 $18 Rxc5 25. b4 Rc7 26. Bxa6 Nxd5 27. Rxc7 Nxc7 {[%mdl 4096] Endgame [#] KRB-KRN} 28. Bb7 $1 {Strongly threatening Rc1.} e6 $2 (28... Ke8 29. b5 e5) 29. Rc1 {White is clearly winning.} Ne8 30. a4 {[%cal Ba3a4,Ba4a5,Ba5a6][%mdl 32]} Ke7 31. Rc8 Rf8 32. a5 d5 33. a6 {Precision: White = 53%, Black = 29%.} 1-0

[Event "15th Kesan Open 2017"]
[Site "Kesan"]
[Date "2017.08.17"]
[Round "7.10"]
[White "Ozalp, Burak"]
[Black "Onem, Cem"]
[Result "1-0"]
[WhiteElo "2129"]
[BlackElo "1819"]
[Annotator "TA"]
[PlyCount "69"]
[EventCountry "TUR"]
[SourceTitle "playchess.com"]
[Source "ChessBase"]
[SourceQuality "1"]

{[%evp 18,69,13,10,27,22,34,30,29,0,26,14,12,13,20,25,50,36,60,34,25,26,18,25,43,4,56,57,118,118,115,122,208,222,261,247,999,230,213,233,229,211,220,199,259,256,311,312,327,306,296,295,377,375]} 1. e4 e5 2. Nf3 Nc6 3. Bc4 Bc5 4. c3 Nf6 5. d3 d6 6. O-O O-O 7. a4 a6 8. Na3 {[%cal Bb1a3,Ba3c2,Bc2e3][%mdl 32] C54: Giuoco Piano: 4 c3 Nf6, main lines with 5 d4 and 5 d3} (8. h3 h6 9. Re1 Ba7 10. Nbd2 Ne7 11. d4 Ng6 12. Bf1 Re8 13. Qc2 Nh7 14. dxe5 dxe5 15. Nc4 Qf6 {½-½ (56) Nepomniachtchi,I (2742)-Radjabov,T (2724) Geneve 2017}) 8... h6 9. Nc2 Ba7 10. Be3 {LiveBook: 20 Games. The position is equal.} Re8 11. Bxa7 Nxa7 $146 ({Find the theoretical novelty and annotate with similar games:} 11... Rxa7 12. Re1 Ra8 13. Ne3 Be6 14. Bxe6 Rxe6 {0-1 (91) Cornette,M (2599)-Karpov,A (2628) Cap d'Agde 2016}) 12. Ne3 c6 13. Qb3 Qc7 (13... d5 $5 14. exd5 b5 $11) 14. a5 Nb5 (14... Bg4 $5) 15. Nh4 Be6 16. Bxe6 fxe6 17. f4 d5 18. fxe5 Qxe5 {[#] Hoping for ...Qg5.} 19. Nf3 Qf4 20. Rae1 dxe4 21. Nd2 $36 {[%mdl 2048] White has the initiative.} Qh4 (21... Qc7 $11) 22. Nf5 $14 Qg5 (22... Qh5 $14) 23. Nxe4 $16 Nxe4 24. Rxe4 Nc7 (24... Kh8 $16 25. Rxe6 Rf8) 25. Qc4 $18 {Rg4 is the strong threat.} h5 26. h4 Qd2 $2 {[#]} (26... Qg6 27. Re3 Qh7) 27. d4 $2 (27. Nxg7 $1 {[%mdl 512]} Rf8 (27... Kxg7 28. Qd4+) 28. Nxe6 Rxf1+ 29. Kxf1) 27... Nd5 28. Re2 b5 29. Rxd2 bxc4 30. Nd6 $1 {[%csl LRc4,LRe8]} Re7 (30... Ne3 {was worth a try.}) 31. Nxc4 Rc7 32. Re1 Re8 33. Nd6 Ree7 34. c4 Rcd7 35. Nc8 {Precision: White = 76%, Black = 30%.} ({Not} 35. cxd5 Rxd6 36. dxc6 Rxc6 $16) 1-0

[Event "15th Kesan Open 2017"]
[Site "Kesan"]
[Date "2017.08.17"]
[Round "8.1"]
[White "Stefanov, Emil"]
[Black "Sanikidze, Tornike"]
[Result "0-1"]
[WhiteElo "2455"]
[BlackElo "2548"]
[Annotator "TA"]
[PlyCount "88"]
[EventCountry "TUR"]
[SourceTitle "playchess.com"]
[Source "ChessBase"]
[SourceQuality "1"]

{[%evp 22,88,31,26,35,37,22,19,12,20,35,41,43,18,12,0,-6,-15,-8,-64,-64,-66,-71,-60,-70,-96,-96,-148,-155,-172,-186,-243,-230,-253,-251,-261,-245,-335,-310,-400,-379,-422,-424,-487,-460,-468,-475,-505,-466,-508,-506,-575,-377,-368,-364,-442,-438,-407,-413,-378,-368,-368,-368,-762,-723,-833,-805,-6306,-5233]} 1. d4 Nf6 2. c4 e6 3. Nf3 d5 4. g3 dxc4 5. Bg2 Nc6 6. Qa4 Bb4+ 7. Bd2 Nd5 8. Bxb4 Ndxb4 9. O-O Rb8 10. Na3 {E04: Open Catalan: 5 Nf3} O-O 11. Qb5 b6 12. Qxc4 {LiveBook: 68 Games. White is slightly better.} Ba6 13. Nb5 Qd5 14. Qxd5 Nxd5 15. a4 Na5 16. Ne5 Rbd8 17. Bxd5 {[#] Hoping for Bf3.} Bxb5 $1 18. Bf3 $146 (18. Ba2 $5 {[%cal Ra4b5]} Bxe2 19. Rfe1 $11) 18... Be8 {next ...f6 is good for Black.} 19. Rac1 f6 20. Nd3 (20. b4 $1 $11) 20... Nb3 $1 $15 {[%cal Rb3c1]} 21. Rxc7 Nxd4 22. Kg2 a5 ({Of course not} 22... Bxa4 $6 23. Ra1 $11) 23. Ra1 e5 {[%cal Be6e5,Be5e4][%mdl 32]} 24. Ne1 (24. b4 $142) 24... Nb3 $36 {[%mdl 2048] White is under strong pressure.} 25. Ra3 Nc5 26. Nc2 (26. Re3 {was called for.}) 26... e4 $19 27. Bg4 f5 28. Bh3 Rd2 29. b4 {[#]} Na6 $1 {[%cal Ra6c7]} ({Less strong is} 29... Rxc2 30. bxc5 bxc5 31. Ra1 $17) (29... Nxa4 30. bxa5 bxa5 31. Ne3 $15) 30. Rc8 {intending bxa5.} axb4 31. Nxb4 Nxb4 32. Rb3 Nc6 33. Rxb6 Ne7 34. Rc5 Bxa4 35. Rb7 Nd5 36. Ra7 Bb3 37. Rb5 Ra2 38. Rd7 Ba4 ({Don't take} 38... Nf6 39. Rc7 $19) 39. Rdxd5 Bxb5 40. Rxb5 {KRR-KRB} g6 41. e3 Rc8 42. g4 $2 (42. Rb1) 42... Rcc2 {Black is clearly winning.} 43. gxf5 Rxf2+ 44. Kg3 Rf3+ {Precision: White = 39%, Black = 90%.} 0-1

[Event "15th Kesan Open 2017"]
[Site "Kesan"]
[Date "2017.08.17"]
[Round "8.2"]
[White "Markidis, Konstantinos"]
[Black "Rasulov, Vugar"]
[Result "1/2-1/2"]
[WhiteElo "2350"]
[BlackElo "2509"]
[Annotator "TA"]
[PlyCount "34"]
[EventCountry "TUR"]
[SourceTitle "playchess.com"]
[Source "ChessBase"]
[SourceQuality "1"]

{[%evp 19,34,29,36,41,36,34,42,45,52,51,61,65,58,58,71,75,94]} 1. e4 c5 2. Nf3 e6 3. g3 d5 4. exd5 exd5 5. d4 Nc6 6. Bg2 {B40: Sicilian: 2...e6, Unusual lines} Bg4 7. O-O Nxd4 8. Qe1+ Be7 9. Nxd4 cxd4 10. Qe5 Nf6 {LiveBook: 8 Games} 11. Qxd4 O-O 12. Nc3 {[%cal Rc3d5]} Be6 13. Be3 {[#]} Qa5 $146 14. Qd3 Rfd8 15. Bd4 Rac8 16. Rfd1 Rc4 17. Ne2 Ne4 1/2-1/2

[Event "15th Kesan Open 2017"]
[Site "Kesan"]
[Date "2017.08.17"]
[Round "8.3"]
[White "Buyukasik, Diyap"]
[Black "Annaberdiev, Meilis"]
[Result "1/2-1/2"]
[WhiteElo "2285"]
[BlackElo "2487"]
[Annotator "TA"]
[PlyCount "126"]
[EventCountry "TUR"]
[SourceTitle "playchess.com"]
[Source "ChessBase"]
[SourceQuality "1"]

{[%evp 18,126,28,22,23,16,35,13,41,0,10,6,22,0,39,37,22,0,0,0,0,0,42,-22,0,0,26,29,29,17,88,40,41,40,47,39,51,40,59,29,26,19,16,28,58,54,61,62,65,59,87,87,87,87,83,80,258,245,232,218,245,253,251,251,212,212,277,280,249,187,369,290,390,154,154,163,162,150,151,151,150,16,16,16,16,16,16,16,16,17,54,32,39,40,153,153,4586,4586,4586,4586,4586,4586,4586,4586,4586,28,28,28,4586,4586,4586]} 1. Nf3 g6 2. g3 Bg7 3. d4 d6 4. Bg2 Nf6 5. O-O O-O 6. Re1 Nbd7 7. e4 e5 8. h3 {A49: 1 d4 Nf6 2 Nf3 g6 3 g3: Anti-King's Indian systems} (8. Nc3 exd4 9. Nxd4 a6 10. h3 Re8 11. a4 Rb8 12. a5 Ne5 13. Nb3 Be6 14. f4 Nc6 15. Nd5 Bxd5 16. exd5 Rxe1+ 17. Qxe1 Ne7 18. c4 Qd7 19. Bd2 Re8 20. Qf1 {0-1 (36) Vidit,S (2651)-Mamedov,R (2657) Berlin 2015}) 8... Re8 9. c4 exd4 10. Nxd4 {LiveBook: 6 Games. White has an edge.} Ne5 $146 ({Find the theoretical novelty and annotate with similar games:} 10... Nc5 11. Nc3 c6 12. b4 Ne6 13. Nc2 a5 14. b5 Qc7 15. Ba3 Rd8 16. Qd2 Nc5 17. Rad1 Be6 18. Ne3 Nfd7 19. Qc2 Ne5 20. bxc6 bxc6 {½-½ (49) Warakomski,T (2506)-Szelag,M (2469) Ustron 2007}) 11. b3 Bd7 12. Nc3 a6 13. a4 Qc8 14. Kh2 h5 15. Ra2 {[#]} h4 $1 {[%mdl 512]} 16. gxh4 Nc6 {aiming for ...Nxd4.} 17. Be3 Qd8 18. Nxc6 bxc6 19. Bg5 {Black must now prevent e5!} Qb8 20. Qf3 (20. Re3 $14) 20... Nh5 21. Ne2 Qb4 22. Bd2 Qc5 23. Ng3 Re5 (23... Qe5 $11) 24. Bc3 Rb8 25. Bxe5 Bxe5 26. Kh1 Nf4 27. Ne2 Ne6 28. Rb1 Kg7 29. Qe3 Qxe3 30. fxe3 Rh8 31. b4 Rxh4 32. a5 Ng5 33. Nf4 $1 Bxf4 34. exf4 Nxh3 35. Bxh3 Rxh3+ $14 {[%mdl 4096] Endgame KRR-KRB} 36. Kg2 Rc3 $2 {[#]} (36... Rh4 $16) 37. b5 $1 $18 {[%cal Rb5a6]} cxb5 38. cxb5 axb5 39. a6 Bc6 40. Rb4 Rc5 41. a7 {[%mdl 1024] White has strong compensation.} Ba8 42. Ra5 c6 43. Ra6 g5 $2 (43... Kf6 44. Kf2 Ke6) 44. Kf3 gxf4 45. Rb6 $2 (45. Rb1 $18 {is more deadly.}) 45... Rc3+ $16 46. Kxf4 Ra3 47. Rd4 Rxa7 48. Rxd6 {Threatens to win with Rd8.} Ra4 49. Kf5 ({White should play} 49. Rb8 $16 c5 50. Re8 (50. Rxb5 Rxe4+ 51. Kg3 Rc4 $14)) 49... c5 $11 50. e5 Bg2 51. Rxb5 Bh3+ $1 52. Kg5 Rg4+ 53. Kh5 {Hoping for Rb3.} Rc4 54. Rd5 (54. Rc6 {is interesting.} Be6 55. Rc7 Rf4 56. Rbxc5 Rf5+ 57. Kh4) 54... Be6 55. Rdxc5 Rxc5 (55... Rf4 $14) 56. Rxc5 $14 {KR-KB} f6 $2 (56... Kf8 $16 57. Rc7 Kg7) 57. Rc7+ $18 Bf7+ 58. Kg4 {Threatening mate with e6.} fxe5 59. Kf5 e4 {[#]} 60. Re7 $1 e3 61. Rxe3 $2 (61. Kg5 $18 e2 62. Rxe2) 61... Ba2 $11 62. Re7+ Kh8 $2 {[%mdl 8192]} (62... Kf8 $11) 63. Kg6 Bb1+ {[%mdl 32768] Precision: White = 60%, Black = 38%. . An unexpected result.} 1/2-1/2

[Event "15th Kesan Open 2017"]
[Site "Kesan"]
[Date "2017.08.17"]
[Round "8.4"]
[White "Savchenko, Boris"]
[Black "Guseynov, Alihan"]
[Result "0-1"]
[WhiteElo "2602"]
[BlackElo "2399"]
[Annotator "TA"]
[PlyCount "64"]
[EventCountry "TUR"]
[SourceTitle "playchess.com"]
[Source "ChessBase"]
[SourceQuality "1"]

{[%evp 16,64,16,10,28,0,-1,-8,-3,-27,2,9,14,0,0,-22,-26,-99,-85,-84,-80,-80,-67,-86,-80,-85,-82,-80,-32,-22,0,0,0,-45,-46,-51,-39,-43,-21,-107,-113,-111,-92,-109,-109,-118,-113,-169,-188,-812,-795]} 1. d4 Nf6 2. Nf3 e6 3. Bf4 c5 4. e3 Nc6 5. Nbd2 d5 6. c3 Bd6 7. Bg3 O-O 8. Bd3 h6 {D02: 1 d4 d5 2 Nf3 sidelines, including 2...Nf6 3 g3 and 2...Nf6 3 Bf4} (8... b6 9. Ne5 Bb7 10. O-O Qc7 11. f4 Ne7 12. Qb1 Qc8 13. Bh4 Nf5 14. Bxf5 exf5 15. Bxf6 gxf6 16. Nef3 Qe6 17. Re1 Ba6 18. Nh4 cxd4 19. exd4 {1-0 (28) Korobov,A (2692)-Dominguez Perez,L (2739) Doha 2016}) 9. Ne5 {LiveBook: 6 Games} Ne7 $146 ({Predecessor:} 9... Bxe5 10. dxe5 Nd7 11. Qh5 f5 12. exf6 Nxf6 13. Qe2 c4 14. Bc2 b5 15. Nf3 a5 16. Rd1 {1-0 (50) Vaisser,A (2531)-Velten,P (2426) Chalons en Champagne 2014}) 10. dxc5 Bxc5 {The position is equal.} 11. Bh4 Nc6 12. Ndf3 (12. Ng4 $5 {[%cal Rh4f6]} Be7 13. Nxf6+ Bxf6 14. Bxf6 Qxf6 15. O-O $11) 12... Nxe5 13. Nxe5 Bd6 14. f4 (14. Ng4 $5 {[%cal Rh4f6]} Be7 15. Nxf6+ Bxf6 16. Bxf6 Qxf6 17. Qb3 $11) 14... Qb6 $36 {[%mdl 2048] White is under pressure.} 15. Qe2 (15. Bxf6 $5 {[%cal Rd1g4]} Qxe3+ 16. Be2 gxf6 17. Ng4 Qxf4 18. Rf1 $15) 15... Nd7 {[%cal Bf6d7,Bd7c5,Bc5e4][%mdl 32]} 16. Bg3 (16. Nxd7 $11 {remains equal.} Bxd7 17. O-O) 16... Nc5 $17 17. O-O-O f5 18. Bc2 Bxe5 19. fxe5 Bd7 20. Bf4 Bb5 21. Qh5 Ne4 {Hoping for ...Qa6.} 22. g4 $1 Be2 (22... Qa6 $5 23. Rhg1 $8 Be2 $11) 23. Qg6 Rf7 {[#]} (23... Bxg4 $6 24. Rd4 $14) 24. gxf5 $1 {[%mdl 512]} Bxd1 ({Much weaker is} 24... exf5 $6 25. Qxb6 axb6 26. Rxd5 $14) 25. Rxd1 exf5 26. Qxb6 axb6 27. Bb3 (27. e6 $11 Re7 28. Rxd5 Rxa2 29. b4) 27... g5 28. e6 Re7 29. Be5 {[#]} Kh7 $1 30. Rxd5 Kg6 31. Rb5 (31. Rd1 $17) 31... Ra5 $19 32. Rxb6 $2 (32. Rxa5 bxa5 33. Bd5) 32... Rxe5 {Precision: White = 33%, Black = 67%.} 0-1

[Event "15th Kesan Open 2017"]
[Site "Kesan"]
[Date "2017.08.17"]
[Round "8.5"]
[White "Benidze, Davit"]
[Black "Ozalp, Burak"]
[Result "1-0"]
[WhiteElo "2476"]
[BlackElo "2129"]
[Annotator "TA"]
[PlyCount "49"]
[EventCountry "TUR"]
[SourceTitle "playchess.com"]
[Source "ChessBase"]
[SourceQuality "1"]

{[%evp 9,49,0,28,18,28,22,22,42,97,27,150,157,183,129,139,147,157,84,138,149,210,172,168,179,175,166,159,158,237,236,229,229,236,236,236,235,238,231,262,262,434,314]} 1. d4 Nf6 2. Bg5 d5 3. Nd2 c5 4. e3 Qb6 5. Ngf3 Ne4 $146 ({Find the theoretical novelty and annotate with similar games:} 5... cxd4 6. exd4 Nc6 7. Bxf6 gxf6 8. Nb3 Rg8 9. c3 Bf5 10. g3 O-O-O 11. Bd3 Bh3 {0-1 (71) Jobava,B (2703)-Vachier Lagrave,M (2783) Leuven 2017}) 6. Nxe4 {D00: 1 d4 d5: Unusual lines} dxe4 7. Nd2 $1 cxd4 8. exd4 {The position is equal.} Nc6 (8... Qxd4 $14 9. c3 Qe5) 9. Be3 ({Better is} 9. c3 $16) 9... Qa5 (9... Qxb2 $11 {remains equal.} 10. Rb1 Qxa2) 10. c3 $16 Bf5 11. g4 $36 {[%mdl 2048] White is in control.} (11. Qb3 $18) 11... Bg6 12. Qb3 O-O-O 13. O-O-O (13. Bc4 $142) 13... e5 (13... Qc7 $142) 14. Nc4 Qd5 (14... Qc7 $16) 15. Nxe5 Nxe5 16. dxe5 Qxd1+ 17. Qxd1 Rxd1+ 18. Kxd1 a6 {[#]} (18... b6 $16 19. Bc4 h5) 19. h4 $1 $18 {[%cal Rh4h5]} h5 20. g5 Bf5 21. Bc4 Be6 22. Bxe6+ fxe6 23. Ke2 g6 24. Rd1 Bg7 $2 {[#]} (24... Rh7 {might work better.} 25. Rd4 b5 26. Rxe4 Rd7) 25. Rd4 {Precision: White = 64%, Black = 20%.} 1-0